"Brisa de siempre" / (Record no. 93690)

MARC details
000 -LEADER
campo de control de longitud fija 00486nam a2200169 i 4500
001 - NÚMERO DE CONTROL
campo de control 93690
003 - IDENTIFICADOR DE NÚMERO DE CONTROL
campo de control ES-MaACL
005 - FECHA Y HORA DE LA ÚLTIMA TRANSACCIÓN
campo de control 20230906181308.0
007 - CAMPO FIJO DE DESCRIPCIÓN FÍSICA--INFORMACIÓN GENERAL
campo de control de longitud fija t|
008 - DATOS DE LONGITUD FIJA--INFORMACIÓN GENERAL
campo de control de longitud fija 050418s1971 sp ||||1| spa d
100 1# - ENTRADA PRINCIPAL--NOMBRE DE PERSONA
Nombre de persona López Cuadra, Antonio.
9 (RLIN) 73519
245 10 - MENCIÓN DEL TÍTULO
Título "Brisa de siempre" /
Mención de responsabilidad, etc. Antonio López Cuadra.
260 ## - PUBLICACIÓN, DISTRIBUCIÓN, ETC.
Lugar de publicación, distribución, etc. Almería :
Nombre del editor, distribuidor, etc. [s.n.],
Fecha de publicación, distribución, etc. 1971 (
Fabricante Imp. Granada)
300 ## - DESCRIPCIÓN FÍSICA
Extensión 146 p. con 1 lám. (1) ;
Dimensiones 22 cm.
500 ## - NOTA GENERAL
Nota general (1) Retr. Aut.
852 ## - LOCALIZACIÓN
Ubicación ES-MaACL
Número de control de estantería C-44612
Sublocalización o colección R.78402
Holdings
Estatus retirado Estado de pérdida Estado de daño No para préstamo Biblioteca de origen Biblioteca actual Ubicación en estantería Fecha de adquisición Fuente de adquisición Total de préstamos Signatura topográfica completa Código de barras Visto por última vez Precio de reemplazo Tipo de ítem Koha
        Biblioteca del Ateneo de Madrid Biblioteca del Ateneo de Madrid Depósito 2 17/01/2008     C-44612 1097839 23/02/2023 23/02/2023 Libro impreso